Business and the changing environment
Bewaard in:
| Hoofdauteur: | |
|---|---|
| Formaat: | Boek |
| Taal: | Undetermined |
| Gepubliceerd in: |
New York
McGraw- Hill Book Company
1973
|
| Onderwerpen: | |
| Tags: |
Voeg label toe
Geen labels, Wees de eerste die dit record labelt!
|
| Thư viện lưu trữ: | Trung tâm Học liệu Trường Đại học Cần Thơ |
|---|
| LEADER | 00522nam a2200193Ia 4500 | ||
|---|---|---|---|
| 001 | CTU_84983 | ||
| 008 | 210402s9999 xx 000 0 und d | ||
| 082 | |a 658.4 | ||
| 082 | |b M754 | ||
| 100 | |a R. Joseph Monsen | ||
| 245 | 0 | |a Business and the changing environment | |
| 245 | 0 | |c R. Joseph Monsen | |
| 260 | |a New York | ||
| 260 | |b McGraw- Hill Book Company | ||
| 260 | |c 1973 | ||
| 650 | |a industries | ||
| 650 | |x social aspect | ||
| 650 | |z united states | ||
| 980 | |a Trung tâm Học liệu Trường Đại học Cần Thơ | ||